000 00654nam a2200217Ii 4500
003 JO-AjNU
008 230605s9999||||xx |||||||||||||| ||und||
017 _a1982/3636
020 _a977-01-0102-8
040 _aJO-AjNU
_bara
_erda
_cJO-AjNU
041 _aara
050 1 4 _aPJ7862.H68.A45 1982
100 3 _aتأليف شوقي، أحمد,
_eauthor
_945338
245 0 0 _aأميرة الأندلس
264 3 1 _aالقاهرة: مكتبة مصر، 1982
300 _a114ص
336 _atext
_btxt
_2rdacontent
337 _aunmediated
_bn
_2rdamedia
338 _avolume
_bnc
_2rdacarrier
650 4 _aالأدب العربي - روايات
_945339
999 _aA19645
_c23213
_d23213